| 000 | 00820nam a22002417a 4500 | ||
|---|---|---|---|
| 003 | LK-CoDNM | ||
| 005 | 20241111150240.0 | ||
| 008 | 241015b |||||||| |||| 00| 0 eng d | ||
| 040 |
_aLK-CoDNM _dLK-CoDNM _eLK-CoDNM |
||
| 041 | _asin | ||
| 080 |
_aප්ර.ස _b152.5 |
||
| 100 | _aමුනිදාස කුමාරණතුංග | ||
| 245 |
_aසුබස-1966 _b8 කාණ්ඩය 11 කලාපය |
||
| 260 |
_c1966 _aකොළඹ _bඅනුල පහරුව මුද්රණාලය |
||
| 300 | _b30p. ; 26 cm | ||
| 650 | _aසුබස-1966 | ||
| 650 | _a8 කාණ්ඩය 11 කලාපය | ||
| 650 | _aමාසික සගරාව | ||
| 650 | _aප්ර.ස 152.5 | ||
| 650 | _a1966 | ||
| 650 | _aමුනිදාස කුමාරණතුංග | ||
| 942 | _cBK | ||
| 999 |
_c228981 _d228981 |
||